Catálogo
 En Linea

Me lo contó el Ozama / (Registro nro. 48360)

Detalles MARC
000 -CABECERA
campo de control de longitud fija 00550nam a2200181 a 4500
001 - NÚMERO DE CONTROL
campo de control 000048872
005 - FECHA Y HORA DE LA ÚLTIMA TRANSACCIÓN
campo de control 20240229073955.0
008 - DATOS DE LONGITUD FIJA--INFORMACIÓN GENERAL
campo de control de longitud fija 190424s2016 dr abc 000 0 spa d
020 ## - NÚMERO INTERNACIONAL ESTÁNDAR DEL LIBRO
Número Internacional Estándar del Libro 9789945880809
040 ## - FUENTE DE LA CATALOGACIÓN
Centro catalogador/agencia de origen DO-SdBNP
Lengua de catalogación spa
Centro/agencia transcriptor BNPHU
082 ## - NÚMERO DE LA CLASIFICACIÓN DECIMAL DEWEY
Número de clasificación xxxx
Número de documento/Ítem V422m, 2016
100 1# - ENTRADA PRINCIPAL--NOMBRE DE PERSONA
Nombre de persona Vega, Bernardo,
Fechas asociadas al nombre 1938 -
9 (RLIN) 3222
245 10 - MENCIÓN DE TÍTULO
Título Me lo contó el Ozama /
Mención de responsabilidad, etc. Bernardo Vega.
250 ## - MENCIÓN DE EDICIÓN
Mención de edición 2a ed.
260 ## - PUBLICACIÓN, DISTRIBUCIÓN, ETC.
Lugar de publicación, distribución, etc. Santo Domingo :
Nombre del editor, distribuidor, etc. Fundación Cultural Dominicana,
Fecha de publicación, distribución, etc. 2016.
300 ## - DESCRIPCIÓN FÍSICA
Extensión 148 p. :
Otras características físicas il., mapas, retrs. ;
Dimensiones 24 cm.
590 ## - NOTA LOCAL (RLIN)
Nota local Inventariado, 2019/LP
Existencias
Estado de retiro Estado de pérdida No para préstamo Código de colección Localización permanente Ubicación/localización actual Ubicación en estantería Fecha de adquisición Número de inventario Total de préstamos Signatura topográfica completa Código de barras Fecha visto por última vez Precio válido a partir de Tipo de ítem Koha
    Excluido de préstamo Patrimonio Dominicano Patrimonio Dominicano Patrimonio Dominicano Depósito 24.04.2019 LF1   xxxx V422m, 2016 48872-10 25.06.2020 25.06.2020 Libro y Folleto Colección Patrimonio Dominicano

Con tecnología Koha